|
|
|
|
| LEADER |
00000nam a22000007a 4500 |
| 005 |
20190521003833.0 |
| 007 |
cr|||| |||| |
| 008 |
190521s2013 co |||||s|||| 00||0 spa d |
| 020 |
|
|
|a 978-958-695-853-0
|
| 035 |
|
|
|a 23273
|
| 040 |
|
|
|a vLex
|
| 090 |
|
|
|c 8779
|d 8779
|
| 100 |
1 |
|
|a Jaramillo Sierra, Isabel C.
|
| 245 |
1 |
0 |
|a Derecho y familia en Colombia
|h [Recurso electrn̤ico] :
|b historias de raza, gňero y propiedad (1540-1980) /
|c Isabel C. Jaramillo Sierra
|
| 256 |
|
|
|a Servicio en ln̕ea
|
| 260 |
|
|
|a Bogot:̀
|b Universidad de Los Andes (Colombia),
|c 2013
|
| 300 |
|
|
|a 1 recurso electrn̤ico
|
| 506 |
1 |
|
|a Disponible solo en los productos indicados
|d vLex Global
|d vLex Global (Academic Edition, excluding Law Schools)
|d vLex Global (U.S. Academic Edition, Law Schools)
|d vLex Global (U.S. Academic Edition, excluding Law Schools)
|d vLex Global (Academic Edition, Law Schools)
|
| 650 |
0 |
4 |
|a Derecho Civil
|z Colombia
|
| 740 |
0 |
|
|a vLex Libros (Servicio en ln̕ea)
|
| 856 |
4 |
0 |
|u http://vlex.com/source/derecho-familia-colombia-historias-raza-genero-propiedad-1540-1980-23273
|z Acceso restringido
|
| 942 |
|
|
|c BOOK
|
| 999 |
0 |
|
|a Civil Law
|